Statistiques concernant Les plus gros transferts du football - Saison 2020-2021

Cliquez ici pour prendre le quiz!

Statistiques générales

  • Ce quiz a été pris 83 fois
  • Le résultat moyen est 8 sur 10

Statistiques - réponses

Montant de transfert (M €)NationalitéVenant deAllant àJoueur% Correct
75,00NigériaLOSC LIlleNapoliVictor Osimhen
89%
60,00Bosnie-HerzégovineJuventus TurinBarceloneMiralem Pjanic
87%
80,00AllemagneBayer LeverkusenChelseaKai Havertz
86%
71,60PortugalBenficaManchester CityRúben Dias
85%
50,00GhanaAtlètico MadridArsenalThomas Partey
83%
49,00AllemagneManchester CityBayern MunichLeroy Sané
82%
53,00AllemagneRB LeipzigChelseaTimo Werner
75%
50,00ArgentineInterParis SGMauro Icardi
72%
80,60BrésilBarceloneJuventus TurinArthur Melo
59%
50,20AngleterreLiecester CityChelseaBen Chilwell
41%

Distribution des résultats

Percentile par nombre de réponses

% des personnes avec chaque résultat

Votre développement - résultats

Vous n’avez pas pris ce quiz